Principles of management (Record no. 5482)

MARC details
000 -LEADER
fixed length control field 00458cam a2200181ua 4500
008 - FIXED-LENGTH DATA ELEMENTS--GENERAL INFORMATION
fixed length control field 131129n ii |||gr||||Z||||||eng
020 ## - INTERNATIONAL STANDARD BOOK NUMBER
International Standard Book Number 81-7014-166-4
040 ## - CATALOGING SOURCE
Transcribing agency MAIN
082 ## - DEWEY DECIMAL CLASSIFICATION NUMBER
Classification number 658
245 ## - TITLE STATEMENT
Title Principles of management
Statement of responsibility, etc. By Dinkar Pagare
260 ## - PUBLICATION, DISTRIBUTION, ETC.
Place of publication, distribution, etc. New delhi:
Name of publisher, distributor, etc. Sultan Chand & Sons,
Date of publication, distribution, etc. 2000.
300 ## - PHYSICAL DESCRIPTION
Extent xii,463p.
700 ## - ADDED ENTRY--PERSONAL NAME
Personal name Pagare,Dinkar,
Relator term
942 ## - ADDED ENTRY ELEMENTS (KOHA)
Koha item type Books
653 ## - INDEX TERM--UNCONTROLLED
Uncontrolled term Commerce
653 ## - INDEX TERM--UNCONTROLLED
Uncontrolled term Principles of management
Holdings
Withdrawn status Lost status Damaged status Not for loan Home library Current library Shelving location Date acquired Total Checkouts Full call number Barcode Date last seen Copy number Price effective from Koha item type
        Naharkatiya College Library Naharkatiya College Library General Stacks 19/09/2020   658 | PAG 13960 19/09/2020 1 19/09/2020 Books
        Naharkatiya College Library Naharkatiya College Library General Stacks 19/09/2020   658 | PAG 13961 19/09/2020 2 19/09/2020 Books

Naharkatiya College © 2020. All rights reserved.

Powered By